Minecraft Biomes: Ocean - Statistics

General Stats
  • This quiz has been taken 11 times
  • The average score is 16 of 27
Answer Stats
Block Category Answer % Correct
Blocks Surface Sand
100%
Mobs Monster Drowned
90%
Blocks Surface Gravel
90%
Plants Foliage Kelp
90%
Plants Foliage Seagrass
80%
Structures Surface Shipwreck
80%
Mobs Water Ambient Cod
70%
Mobs Water Creature Dolphin
70%
Blocks Surface Clay
60%
Blocks Surface Dirt
60%
Mobs Water Creature Squid
60%
Mobs Monster Creeper
50%
Mobs Underground Water Glow Squid
50%
Mobs Water Creature Nautilus
50%
Structures Surface Ocean Ruins
50%
Structures Surface Ruined Portal
50%
Mobs Monster Skeleton
50%
Mobs Monster Spider
50%
Mobs Monster Zombie
50%
Mobs Ambient Bat
40%
Mobs Monster Enderman
40%
Structures Underground Mineshaft
40%
Structures Underground Stronghold
40%
Structures Underground Trial Chambers
40%
Mobs Monster Witch
40%
Mobs Monster Zombie Villager
40%
Mobs Monster Slime
30%
No matching quizzes found
Score Distribution
Percent of People with Each Score
Percentile by Number Answered
Your Score History
You have not taken this quiz